| 000 | 00497nam a2200193 a 4500 | ||
|---|---|---|---|
| 001 | 1768117515465 | ||
| 003 | YourLibrary | ||
| 005 | 20260112125813.0 | ||
| 008 | 260111s2010##################000#0#eng## | ||
| 020 | _a9781441108852 | ||
| 082 | 0 | 4 |
_a302.2244 _bBAR |
| 100 | 1 |
_aBarton, David, _eauthor. |
|
| 245 | 1 | 0 | _aThe Anthropology of Writing : |
| 260 |
_bA&C Black, _c2010. |
||
| 300 | _a254 pages | ||
| 650 | 0 | _aSocial Science. | |
| 942 | _cENGLISH | ||
| 040 |
_aYourLibrary _beng _cYourLibrary |
||
| 999 |
_c608243 _d608243 |
||